000 00739nam a2200265Ia 4500
003 OSt
005 20221006145119.0
006 a|||||r|||| 00| 0
007 ta
008 221006b |||||||| |||| 00| 0 eng d
020 _c80.00
024 _a13,808
037 _cTextual
040 _aEASL
_cEASL
_beng
041 _2eng
_aeng
082 _aV58:191.N9, M9
100 _aIVANOV Vladimir I
_9653520
245 0 _aAsia-Pacific in 1990s Soviet security perceptions
260 _aNew Delhi
_bAllied Pub.
_c1989
300 _a159p.
_ccm.
490 _v Oth
700 _a VREVSKY Victor A
_9653521
942 _hV58:191.N9, M9
_cTEXL
_2CC
999 _c1081894
_d1081894